| 000 | 00964cab a2200253 4500 | ||
|---|---|---|---|
| 001 | WB3140-12 | ||
| 008 | 090401t1995 xxu||||| |||| 00| 0 eng d | ||
| 035 | _a(Sirsi) u9053 | ||
| 041 | _aeng | ||
| 245 | _aChannel Rail Bill blight | ||
| 260 | _c1995 | ||
| 350 | _a0 | ||
| 490 |
_aEvening Standard _v23 October 1995, 73(1) |
||
| 520 | _aThe CTRL Compensation Group is calling for the removal of restrictions on claiming compensation for blighted commercial premises. The slow progress of the Bill means many businesses in London and the SE cannot plan for the future. | ||
| 650 | _aBLIGHT | ||
| 650 | _aCHANNEL TUNNEL RAIL LINK BILL | ||
| 650 | _aCHANNEL TUNNEL RAIL LINK COMPENSATION GROUP | ||
| 650 | _aCHANNEL TUNNEL RAIL LINK | ||
| 650 | _aPROPERTY-COMMERCIAL PROPERTY | ||
| 650 | _aCOMPENSATION | ||
| 690 | _aENVIRONMENTAL AND LAND CONSULTANCY-PLANNING AND DEVELOPMENT-COMPULSORY PURCHASE AND COMPENSATION | ||
| 942 | _n0 | ||
| 948 | _c04/03/1997 | ||
| 999 |
_c5610 _d5610 |
||